[Event "LSS ZN-2009-0-00757"]
[Site "LSS email"]
[Date "2009.10.09"]
[Round "?"]
[White "Acosta Verrier, Maximiliano"]
[Black "Galvein, Prospero"]
[Result "0-1"]
[WhiteElo "800"]
[BlackElo "576"]
[PlyCount "34"]
[EventDate "2009.10.07"]
[EventType "match (corr)"]
[EventRounds "2"]
[EventCountry "GER"]
[SourceTitle "Telechess CBM 137"]
[Source "ChessBase"]
[SourceDate "2010.07.15"]
[SourceVersion "1"]
[SourceVersionDate "2010.07.15"]
[SourceQuality "1"]

1. d4 e6 2. Qd3 Nf6 3. Qb3 Nc6 4. Qg3 Nxd4 5. Nc3 Nxc2+ 6. Kd2 Nxa1 7. Qd3 Bb4 8. Qd4 Nd5 9. Qe4 0-0 10. g3 f5 11. Qc4 a6 12. h4 b5 13. Qd3 c6 14. Nf3 Bxc3+ 15. Kd1 Ba5 16. Ng5 Nb4 17. Qd6 Nxa2 0-1

[Event "LSS ZN-2009-0-00702"]
[Site "LSS email"]
[Date "2009.08.11"]
[Round "?"]
[White "Bester, Kazimierz"]
[Black "Acosta Verrier, Maximiliano"]
[Result "1-0"]
[WhiteElo "719"]
[BlackElo "800"]
[PlyCount "27"]
[EventDate "2009.08.05"]
[EventType "match (corr)"]
[EventRounds "2"]
[EventCountry "GER"]
[SourceTitle "Corr 2015"]
[Source "ChessBase"]
[SourceDate "2015.07.17"]
[SourceVersion "1"]
[SourceVersionDate "2015.07.17"]
[SourceQuality "1"]

1. c4 c5 2. Nf3 Qa5 3. Nc3 Na6 4. a3 d6 5. g3 g6 6. d4 Be6 7. d5 Nh6 8. dxe6 fxe6 9. Bh3 Kf7 10. 0-0 d5 11. cxd5 Rd8 12. Bxe6+ Kg7 13. b4 cxb4 14. Qd4# 1-0